00765 2200277 4500001002100000005001700021008004100038020001800079035002400097090001500121100001100136245010500147250001000252260003000262300002800292650002000320700002000340700002500360700002300385850001500408980001300423985000600436999001500442999001500457999001500472YOGYA-0209000004006120090227025620.0 ind  a979-26-0106-6 0010-020900000040061 a813bDar R aDARSAN aRahasia kedalamancDarsan; editor, Zulaihah Hanum, Agustina Purwantini; ilustrasi, Agus Sudarismanto aCet.1 aYogyakartabHikayatc2006 ax, 146 hlmbilusc20 cm aFiksi Indonesia aHanum, Zulaihah aPurwantini, Agustina aSudarismanto, Agus aYOPDYOG(M) a16-11-07 a3 a07B0030379 a07B0030380 a07B0030381